|
|
|
|
| LEADER |
00000cam a2200000 a 4500 |
| 001 |
vtls008323965 |
| 003 |
SK-MaSNL |
| 005 |
20260331205025.0 |
| 008 |
230403s1962 xo a c p 000 0 slo |
| 015 |
|
|
|a SNBA1962/03-00464
|
| 020 |
|
|
|q (viaz.)
|
| 035 |
|
|
|a SK01SNK19620016182
|
| 035 |
|
|
|a urn:nbn:sk:snk-am3isn2
|
| 035 |
|
|
|a 90C20DCD-5E5A-46A3-A40D-72A71BD05901
|
| 035 |
|
|
|a urn:nbn:sk:snk-am00fgb2
|
| 035 |
|
|
|a SKM000018645
|
| 040 |
|
|
|a SNK
|b slo
|c SNK
|e AACR2
|
| 041 |
1 |
|
|a slo
|h cze
|
| 044 |
|
|
|a xo
|c SK
|
| 080 |
|
|
|a 511(076.5):372.851
|2 1981
|
| 080 |
|
|
|a 372.851
|2 1981
|
| 100 |
1 |
|
|a Kindl, Karel
|4 com
|4 aut
|9 279537
|
| 245 |
1 |
0 |
|a Zbierka úloh z aritmetiky pre 6. a 7. ročník základnej deväťročnej školy
|c Karel Kindl ; preložil Július Cibula
|
| 250 |
|
|
|a 3. vyd.
|
| 260 |
|
|
|a Bratislava
|b Slovenské pedagogické nakladateľstvo
|c 1962
|e Bratislava
|f Pravda
|
| 300 |
|
|
|a 325, [3] s.
|b grafy, ilustr., tab.
|c 8°
|
| 366 |
|
|
|e 56100 výtl.
|
| 650 |
0 |
7 |
|a matematika
|2 SNKPH
|9 70174
|
| 650 |
0 |
7 |
|a aritmetika
|2 SNKPH
|9 734
|
| 655 |
|
7 |
|a učebnice základných škôl
|2 SNKPH
|9 70187
|
| 655 |
|
7 |
|a zbierky úloh
|2 SNKPH
|9 70562
|
| 700 |
1 |
|
|a Cibula, Július,
|d 1908-
|4 trl
|9 38577
|
| 852 |
|
|
|a Slovenská národná knižnica
|
| 954 |
|
|
|a odborná, vedecká literatúra cudzojazyčná (svetová)
|2 lita
|
| 958 |
|
|
|a OND
|
| 958 |
|
|
|a RK
|
| 958 |
|
|
|a UX
|
| 958 |
|
|
|a OP
|
| 958 |
|
|
|a EUIPO
|
| 999 |
|
|
|c 595451
|d 597381
|
| 952 |
|
|
|a SNK
|b SNK
|y PREZ
|7 0
|p 17A0841626
|o snkSC 16175
|i snkKSP 915/62
|0 0
|1 0
|4 0
|d 2020-08-24
|f 1
|l 0
|r 2025-07-18 00:00:00
|w 2026-02-23
|
| 952 |
|
|
|a SNK
|b SNK
|y VYP
|7 0
|o snkSC 16175 D1
|0 0
|1 0
|4 0
|d 2020-08-24
|l 0
|r 2026-02-23 15:37:24
|w 2026-02-23
|